000 00432nam a22001457a 4500
999 _c512210
_d512210
020 _a9781788703338
082 _aA99 M864\L954
100 _aLownie, Andrew
_913185
245 _aThe Mountbattens:
_btheir lives and loves
_cby Andrew Lownie
260 _aNew Delhi
_bBlink
_c2019
300 _a490p.
650 _aMountbatten family.
_913459
650 _aNobility -- Great Britain -- Biography.
_913460
650 _aNobility.
_913461